| 000 | 00734nam a2200181 a 4500 | ||
|---|---|---|---|
| 001 | 000046619 | ||
| 005 | 20201002053015.0 | ||
| 008 | 110613s2010 dr a 000 0 spa d | ||
| 040 |
_aDO-SdBNP _bspa _cBNPHU |
||
| 100 | 1 |
_aPeña Escoto de López, Joseline _957577 |
|
| 245 | 1 | 0 |
_aGuía didáctica : _b¡Es la tierra más hermosa que ojos hayan visto! / _cJoseline Peña Escoto de López,María Teresa Ruiz de Catrain ; ilustraciones Tania Marmolejo. |
| 260 |
_aSanto Domingo : _bPROPAGAS, _c2010. |
||
| 300 |
_a16 p. : _bil. ; _c32 cm. |
||
| 500 | _aIncluye datos biográficos de la autora en la página 13 | ||
| 504 | _aBibliografía : p. 16 | ||
| 700 | 1 | 2 |
_aRuiz de Catrai, María Teresa _974618 |
| 700 | 1 | 2 |
_aMarmolejo, Tania _eil. _957579 |
| 999 |
_c46108 _d46108 |
||